Taken for granted (Record no. 74956)

MARC details
000 -LEADER
fixed length control field 01037cam a2200241 4500
001 - CONTROL NUMBER
control field ABS68842
008 - FIXED-LENGTH DATA ELEMENTS--GENERAL INFORMATION
fixed length control field 050321n2005 000 0 eng u
035 ## - SYSTEM CONTROL NUMBER
System control number (Sirsi) u129117
100 ## - MAIN ENTRY--PERSONAL NAME
Personal name Murdoch, S.
245 ## - TITLE STATEMENT
Title Taken for granted
260 ## - PUBLICATION, DISTRIBUTION, ETC.
Date of publication, distribution, etc. 2005
490 ## - SERIES STATEMENT
Series statement Estates Gazette
Volume/sequential designation (0509) 5 March 2005, 187(1)
520 ## - SUMMARY, ETC.
Summary, etc. Discusses two recent cases where it was difficult to identify who the landlords were in relation to the legal processes taken either by them or against them. The cases were "Scribes West Ltd v Relsa Anstalt" ([2004] EWCA Civ 1744, Abs68651) and "Lodgepower Ltd v Taylor" ([2004] EWCA Civ 1367, Abs68445)
590 ## - LOCAL NOTE (RLIN)
Local note ABS
650 ## - SUBJECT ADDED ENTRY--TOPICAL TERM
Topical term or geographic name entry element RELSA SCRIBES WEST LTD V RELSA ANSTALT
650 ## - SUBJECT ADDED ENTRY--TOPICAL TERM
Topical term or geographic name entry element LODGEPOWER LTD V TAYLOR AND OTHERS
650 ## - SUBJECT ADDED ENTRY--TOPICAL TERM
Topical term or geographic name entry element LEASES
650 ## - SUBJECT ADDED ENTRY--TOPICAL TERM
Topical term or geographic name entry element LAW OF PROPERTY ACT 1925
650 ## - SUBJECT ADDED ENTRY--TOPICAL TERM
Topical term or geographic name entry element LANDLORD AND TENANTS (COVENANTS) ACT 1995
650 ## - SUBJECT ADDED ENTRY--TOPICAL TERM
Topical term or geographic name entry element AGRICULTURE (MAINTANANCE, REPAIR AND INSURANCE OF FIXED EQUIPMENT) REGULATIONS 1973
690 ## - LOCAL SUBJECT ADDED ENTRY--TOPICAL TERM (OCLC, RLIN)
Topical term or geographic name as entry element LANDLORD AND TENANT-CASE LAW
942 ## - ADDED ENTRY ELEMENTS (KOHA)
Suppress in OPAC 0
Holdings
Withdrawn status Lost status Source of classification or shelving scheme Damaged status Not for loan Home library Current library Shelving location Date acquired Total Checkouts Full call number Barcode Date last seen Copy number Price effective from Koha item type
    Dewey Decimal Classification     London London Journal article 21/03/2005   ABS68842 129117-1001 06/08/2019 1 06/08/2019 Journal article